| 000 | 01222cad a22002655a 4500 | ||
|---|---|---|---|
| 001 | L153401 | ||
| 008 | 110720s2011 xxk f 000 0 eng d | ||
| 020 | _a9781842196779 | ||
| 035 | _a(Sirsi) u153401 | ||
| 041 | 0 | _aeng | |
| 050 | 0 | 4 | _a658.2 $2 20 |
| 110 | 2 |
_aRoyal Institution of Chartered Surveyors _94900 |
|
| 245 | 0 | 4 |
_aThe strategic role of facilities management in business performance _h[electronic resource] |
| 250 | _a2nd ed. | ||
| 260 |
_aCoventry _bRICS _c2011 |
||
| 490 | 0 |
_aRICS Guidance Note _v(GN 50/2011) |
|
| 520 | _aSuperseded by Strategic facilities management ISBN 9781783210312. | ||
| 520 | _aThis guidance note is relevant to all RICS members and other property professionals who might be advising clients or employers as to how they might add value to their core business operation by the application of best practice facilities management processes. | ||
| 590 | _aKA NTK | ||
| 650 | 2 | 4 | _aRICS WHITE BOOK |
| 651 | 4 | _aInternational | |
| 690 | _aMANAGEMENT-FACILITIES MANAGEMENT | ||
| 856 | 4 | 0 |
_uhttps://www.rics.org/Global/Downloads/RICS_The_strategic_role_of_facilities_management_in_business_performance.pdf _zView online for free at www.rics.org (members only access). |
| 942 | _n0 | ||
| 999 |
_c112497 _d112497 |
||